Beatles North American Albums Quiz - Statistics

General Stats
  • This quiz has been taken 11 times
  • The average score is 13 of 27
Answer Stats
Label Year Answer % Correct
Capitol 1967 Sgt. Pepper's Lonely Hearts Club Band
100%
Apple 1969 Yellow Submarine
100%
Apple 1969 Abbey Road
91%
Apple 1970 Let It Be
91%
Capitol 1966 Revolver
91%
Apple 1968 The Beatles
91%
United Artists 1964 A Hard Day's Night
82%
Capitol 1965 Help!
82%
Capitol 1965 Rubber Soul
82%
Capitol 1967 Magical Mystery Tour
73%
Capitol 1964 Meet the Beatles!
73%
Capitol 1966 Yesterday and Today
64%
Capitol Canada 1963 Beatlemania! With the Beatles
55%
Capitol 1965 Beatles VI
36%
Apple 1970 Hey Jude
36%
Capitol 1964 Beatles '65
27%
Vee-Jay 1964 Introducing... The Beatles
27%
Capitol 1964 The Beatles' Second Album
27%
Capitol 1964 Something New
18%
Capitol Canada 1964 The Beatles' Long Tall Sally
9%
Capitol 1964 The Beatles' Story
9%
Capitol 1965 The Early Beatles
9%
Capitol Canada 1964 Twist and Shout
9%
Atco 1964 Ain't She Sweet
0%
Vee-Jay 1964 Hear the Beatles Tell All
0%
Polydor 1970 In The Beginning (Circa 1960)
0%
MGM 1964 The Beatles with Tony Sheridan and Their Guests
0%
No matching quizzes found
Score Distribution
Percent of People with Each Score
Percentile by Number Answered
Your Score History
You have not taken this quiz